000 00391nam a2200145Ia 4500
008 240624s9999 xx 000 0 und d
041 _aeng
082 _a657.42 HOR
100 _aHORNGREN CHARLES T
245 _aCOST ACCOUNTING A MANAGERIAL EMPHASIS
250 _a(12th ed.)
260 _c2007
_aNew Delhi
_bPrentice-Hall of India
300 _axxvii, : 868 : p. : cm. ; 27
365 _cRS
999 _c13289
_d13289